Quick Pick: League of Legends Titles Quiz Stats

Quiz Updated Sep 14, 2017

Challenge
Share
Tweet
Score 0/10 Timer 01:00
10 Plays Today
% Correct
Lee Sin
89.8%
Ahri
88.8%
Thresh
85.1%
Ezreal
84.3%
Lulu
81.9%
Caitlyn
81.6%
Jhin
80%
Vayne
79.7%
Graves
72.6%
Lucian
64.1%

Today's Daily Dose

You're not logged in!

Compare scores with friends on all Sporcle quizzes.
Join for Free
OR
Log In

You Might Also Like...

Show Comments

Extras

Top Quizzes Today


Score Distribution

Your Account Isn't Verified!

In order to create a playlist on Sporcle, you need to verify the email address you used during registration. Go to your Sporcle Settings to finish the process.

Report this User

Report this user for behavior that violates our Community Guidelines.

Details: